[Invitation to the United Nations Food and Agricultural Organization To Hold the World Food Congress in the U.S. in 1963; Sundry Nominations].

Bibliographic Details
Format: eBook
Language:English
Published: [Washington : U.S. G.P.O.], 1962.
Subjects:
Online Access:Electronic resource (PDF)

MARC

Tag First Indicator Second Indicator Subfields
LEADER 00000cam a22000001i 4500
001 in00004110421
005 20200117084104.0
006 m d f
007 cr bn mmmapmmp
008 091109s1962 dcu o f000 0 eng d
035 |a cis2007523082 
040 |a UMI  |b eng  |e rda  |c UMI  |d UtOrBLW 
110 1 |a United States.  |b Congress.  |b Senate.  |b Committee on Foreign Relations,  |e issuing body.  |0 http://id.loc.gov/authorities/names/n78008230 
245 1 0 |a [Invitation to the United Nations Food and Agricultural Organization To Hold the World Food Congress in the U.S. in 1963; Sundry Nominations]. 
264 1 |a [Washington :  |b U.S. G.P.O.],  |c 1962. 
300 |a 42 pages, digital, PDF file. 
336 |a text  |2 rdacontent  |b txt 
337 |a computer  |b c  |2 rdamedia 
338 |a online resource  |2 rdacarrier  |b cr 
500 |a Record is based on bibliographic data in ProQuest Congressional Hearings Digital Collection (last viewed July 2018). Reuse except for individual research requires license from ProQuest, LLC. 
538 |a System requirements: PDF reader software. 
500 |a Electronic resource. 
610 1 0 |a United States.  |b Department of State.  |0 http://id.loc.gov/authorities/names/n80126198 
610 1 0 |a United States.  |b Agency for International Development.  |0 http://id.loc.gov/authorities/names/n82167227 
650 0 |a Nominations for office.  |0 http://id.loc.gov/authorities/subjects/sh85092211 
776 0 8 |a United States. Congress. Senate. Committee on Foreign Relations  |t [Invitation to the United Nations Food and Agricultural Organization To Hold the World Food Congress in the U.S. in 1963; Sundry Nominations]  |o 87 SFo-T.26 
730 0 |a ProQuest U.S. Congressional Hearings Digital Collection. 
856 4 0 |u http://proxy.library.tamu.edu/login?url=http://congressional.proquest.com/congcomp/getdoc?HEARING-ID=HRG-1962-FOR-0021  |y Electronic resource (PDF)  |t 0 
999 f f |s e52b11df-5a26-31e9-a8cc-7e971c2c6f69  |i 02e21527-5d37-3bf0-81d3-484a5c344a41  |t 0 
952 f f |a Texas A&M University  |b College Station  |c Electronic Resources  |d Available Online  |t 0  |h No information provided 
998 f f |t 0  |l Available Online